Région Poitou-Charentes sur une carte - Statistiques

Statistiques générales
  • Ce quiz a été pris 132 fois
  • Le résultat moyen est 29 sur 64
Réponses sur la Carte
Les réponses sont colorées sur une échelle allant du rouge au vert en fonction du pourcentage des utilisateurs qui les ont devinées à leur premier essai. Vous pouvez retrouver ces pourcentages ci-dessous.
 
Statistiques - réponses
Group Réponse % Correct
Département Charente
91%
Rivière Charente
91%
Ville La Rochelle
90%
Département Charente maritime
88%
Ville Poitiers
88%
Département Vienne
88%
Rivière Vienne
88%
Ville Angoulême
87%
Île Île de Ré
87%
Île Île d'Oléron
86%
Ville Niort
85%
Département Deux-Sèvres
83%
Ville Royan
79%
Ville Rochefort
75%
Ville Saintes
75%
Ville Cognac
70%
Lieu Fort Boyard
66%
Ville Parthenay
64%
Ville Bressuire
62%
Région Marais poitevin
62%
Ville Châtellerault
61%
Lieu Futuroscope
61%
Rivière Sèvre Niortaise
53%
Ville Thouars
53%
Ville Jonzac
48%
Ville Montmorillon
48%
Ville Saint-Jean-d'Angély
47%
Ville Saint-Pierre-d'Oléron
46%
Ville Confolens
42%
Ville Chauvigny
41%
Ville Loudun
40%
Ville Ruffec
38%
Lieu CNPE de Civaux
36%
Rivière Sèvre Nantaise
36%
Rivière Clain
35%
Ville Surgères
35%
Ville Saint-Martin-de-Ré
33%
Ville Civray
32%
Région Saintonge
31%
Ville Marans
30%
Ville Saint-Maixent-l'École
30%
Ville Châtelaillon-Plage
29%
Ville La Roche-Posay
28%
Rivière Thouet
25%
Ville Vivonne
25%
Région Gâtine poitevine
24%
Ville Mauléon
24%
Ville Barbezieux-Saint-Hilaire
23%
Région Angoumois
22%
Rivière Gartempe
20%
Ville Chef-Boutonne
19%
Ville Saujon
19%
Rivière Seudre
19%
Rivière Boutonne
18%
Lieu Phare de Cordouan
18%
Ville La Rochefoucauld
17%
Rivière Vonne
16%
Ville Chalais
15%
Région Charente limousine / Confolentais
13%
Région Montmorillonnais
13%
Rivière
10%
Rivière Tardoire
8%
Rivière Seugne
6%
Rivière Trèfle
2%
Aucun quiz correspondant
Distribution des résultats
% des personnes avec chaque résultat
Percentile par nombre de réponses
Votre historique - résultats
Vous n’avez pas pris ce quiz